Normal view
MARC view
Entry Topical Term
001 - CONTROL NUMBER
- control field: 12475
003 - CONTROL NUMBER IDENTIFIER
- control field: ARRUPE
005 - DATE AND TIME OF LATEST TRANSACTION
- control field: 20141107113108.0
008 - FIXED-LENGTH DATA ELEMENTS
- fixed length control field: 141107|| aca||aabn | a|a d
040 ## - CATALOGING SOURCE
- Original cataloging agency: ARRUPE
- Transcribing agency: ARRUPE
150 ## - HEADING--TOPICAL TERM
- Topical term or geographic name as entry element: Presidents
- Geographic subdivision: United States
- General subdivision: Anecdotes.
670 ## - SOURCE DATA FOUND
- Source citation: Work cat.: (ARRUPE)0: Carpenter, F. B. (Francis Bicknell), 1830-1900. 12473, The inner life of Abraham Lincoln :, c1995.